| 000 | 01965cas a2200517 a 4500 | ||
|---|---|---|---|
| 999 |
_c39674 _d39674 |
||
| 001 | 11158837 | ||
| 003 | OSt | ||
| 005 | 20240830144449.0 | ||
| 008 | 751101c19669999ii qr p 0 a0eng | ||
| 010 | _asa 66006369 | ||
| 016 | _a(AMICUS)000000863411 | ||
| 022 |
_a0015-7325 _l0015-7325 _20 |
||
| 025 | _aPL 480:I-D-E-754 | ||
| 035 | _a(OCoLC)ocm01774331 | ||
| 040 |
_aDLC _beng _cMUL _dYUS _dCOO _dDLC _dAIP _dNSD _dDLC _dNSD _dNST _dOCLCQ _dNYDWH _dOCLCQ _dOCLCF _dIUL _dOCLCO _dNLC _dOCLCQ _dGILDS _dOCLCA _dOCLCO _dOCLCQ _dRDF _dZAS _dOCLCO _dDLC _dOCLCQ _dOCLCL |
||
| 042 |
_apcc _ansdp |
||
| 043 | _aa-ii--- | ||
| 050 | 0 | 0 |
_aHF41 _b.F65 |
| 082 | 0 | 4 |
_a382/.0954/005 _219 |
| 210 | 0 | _aForeign trade rev. | |
| 222 | 0 | _aForeign trade review | |
| 245 | 0 | 0 |
_aForeign trade review : _bquarterly journal of the Indian Institute of Foreign Trade. |
| 260 |
_aNew Delhi : _bSage |
||
| 300 |
_avolumes : _billustrations ; _c26 cm |
||
| 310 | _aQuarterly | ||
| 336 |
_atext _btxt _2rdacontent |
||
| 337 |
_aunmediated _bn _2rdamedia |
||
| 338 |
_avolume _bnc _2rdacarrier |
||
| 362 | 1 | _aBegan with: Vol. 1 (Apr./June 1966). | |
| 588 | _aDescription based on: Vol. 9, no. 4 (Jan./Mar. 1975); title from cover. | ||
| 588 | _aLatest issue consulted: Jan.-Mar. 1984 (surrogate). | ||
| 590 | _aSERBIB/SERLOC merged record | ||
| 650 | 7 |
_aCommerce. _2fast _0(OCoLC)fst00869279 |
|
| 650 | 7 |
_aFOREIGN TRADE. _2unbist |
|
| 650 | 7 |
_aINDIA. _2unbist |
|
| 651 | 0 |
_aIndia _xCommerce _vPeriodicals. |
|
| 651 | 7 |
_aIndia. _2fast _0(OCoLC)fst01210276 _1https://id.oclc.org/worldcat/entity/E39PBJmdx47cDXrRhBXHtbvPwC |
|
| 655 | 7 |
_aPeriodicals. _2fast _0(OCoLC)fst01411641 |
|
| 655 | 7 |
_aPeriodicals. _2lcgft |
|
| 710 | 2 | _aIndian Institute of Foreign Trade. | |
| 776 | 0 | 8 |
_iOnline version: _tForeign trade review _x0971-7625 _w(DLC) 2020207513 _w(OCoLC)613776580 |
| 906 |
_a7 _bcbc _cserials _d3 _encip _f19 _gn-oclcserc |
||
| 942 |
_2ddc _cJR _s1 |
||